|
|
|
|
| LEADER |
00000nab a2200000ua 4500 |
| 001 |
vtls010771686 |
| 003 |
SK-MaSNL |
| 005 |
20260303120536.0 |
| 008 |
230131s1976 xo |||||||||||||||||slo| |
| 035 |
|
|
|a (urnnbn)urn:nbn:sk:snk:ar-a003h8
|
| 035 |
|
|
|a (uuid)995ec56b-6ba1-424b-bb0a-f0f13dc39f93
|
| 035 |
|
|
|a urn:nbn:sk:snk-ab5024
|
| 040 |
|
|
|a SNKBUCL
|b slo
|c SNKBUCL
|e AACR2
|
| 041 |
0 |
|
|a slo
|
| 044 |
|
|
|a xo
|c SK
|
| 100 |
1 |
|
|a Lepšík, Ján
|4 aut
|9 1133150
|
| 245 |
1 |
0 |
|a Faktory úspešného včelárenia
|c Ján Lepšík
|
| 773 |
0 |
|
|t Včelár : odborný časopis Povereníctva poľnohospodárstva a lesného hospodárstva a Ústredia včelárskych združení na Slovensku
|g Roč. 50, č. 8 (1976), s. 189
|
| 954 |
|
|
|a odborná, vedecká literatúra pôvodná (slovenská)
|2 lita
|
| 958 |
|
|
|a OND
|
| 958 |
|
|
|a EUIPO
|
| 958 |
|
|
|a article3
|
| 999 |
|
|
|c 1910521
|d 1912451
|